Between God and the sultan: a history of Islamic law
| Main Author: | |
|---|---|
| Format: | Print Book |
| Language: | English |
| Subito Delivery Service: | Order now. |
| Check availability: | HBZ Gateway |
| WorldCat: | WorldCat |
| Interlibrary Loan: | Interlibrary Loan for the Fachinformationsdienste (Specialized Information Services in Germany) |
| Published: |
London
Hurst
2005
|
| In: | Year: 2005 |
| Standardized Subjects / Keyword chains: | B
Islamic law
/ History
|
| Further subjects: | B
Law
B Islam B Islamic Law B Islamic Law Methodology B Islamic Law History B History |
| Online Access: |
Table of Contents Blurb |
MARC
| LEADER | 00000cam a2200000 c 4500 | ||
|---|---|---|---|
| 001 | 37468636X | ||
| 003 | DE-627 | ||
| 005 | 20251223202851.0 | ||
| 007 | tu | ||
| 008 | 031204s2005 xxk||||| 00| ||eng c | ||
| 016 | 7 | |a bA3T3608 |2 UK | |
| 020 | |a 9781850657385 |c (casebound) |9 978-1-85065-738-5 | ||
| 020 | |a 9781850658061 |c : pbk. |9 978-1-85065-806-1 | ||
| 020 | |a 1850658064 |c pbk. |9 1-85065-806-4 | ||
| 020 | |a 1850657386 |c (casebound) |9 1-85065-738-6 | ||
| 024 | 3 | |a 9781850657385 | |
| 035 | |a (DE-627)37468636X | ||
| 035 | |a (DE-576)109140818 | ||
| 035 | |a (DE-599)GBV37468636X | ||
| 035 | |a (OCoLC)299963636 | ||
| 035 | |a (OCoLC)299963636 | ||
| 035 | |a (AT-OBV)AC04810557 | ||
| 035 | |a (DE-615)00421362 | ||
| 040 | |a DE-627 |b ger |c DE-627 |e rakwb | ||
| 041 | |a eng | ||
| 044 | |c XA-GB | ||
| 050 | 0 | |a KBP144 | |
| 082 | 0 | |a 340.59 | |
| 084 | |a RG00.12 |2 fivr | ||
| 084 | |a SF10 |2 fivs | ||
| 084 | |a SG09 |2 fivs | ||
| 084 | |a 0 |2 ssgn | ||
| 084 | |a PW 9400 |2 rvk |0 (DE-625)rvk/141003: | ||
| 084 | |a NT 2195 |2 rvk |0 (DE-625)rvk/131035: | ||
| 084 | |a 11.84 |2 bkl | ||
| 084 | |a 86.09 |2 bkl | ||
| 084 | |a 86.10 |2 bkl | ||
| 100 | 1 | |0 (DE-588)1043791310 |0 (DE-627)770924573 |0 (DE-576)174269633 |4 aut |a Vikør, Knut S. |d 1952- | |
| 109 | |a Vikør, Knut S. 1952- |a Vikor, Knut S. 1952- |a Vikør, Knut 1952- | ||
| 245 | 1 | 0 | |a Between God and the sultan |b a history of Islamic law |c Knut S. Vikør |
| 264 | 1 | |a London |b Hurst |c 2005 | |
| 300 | |a XI, 387 S. |c 23 cm | ||
| 336 | |a Text |b txt |2 rdacontent | ||
| 337 | |a ohne Hilfsmittel zu benutzen |b n |2 rdamedia | ||
| 338 | |a Band |b nc |2 rdacarrier | ||
| 500 | |a Literaturverz. S. 363 - 380 | ||
| 500 | |a Hier auch später erschienene, unveränderte Nachdrucke | ||
| 583 | 1 | |a Archivierung prüfen |c 20240324 |f DE-4165 |z 1 |2 pdager | |
| 601 | |a Historie | ||
| 650 | 0 | |a Islamic Law | |
| 650 | 0 | |a Islamic Law |x Methodology | |
| 650 | 0 | |a Islamic Law |x History | |
| 650 | 0 | 7 | |0 (DE-588)4027743-4 |0 (DE-627)106283499 |0 (DE-576)20897220X |a Islam |2 gnd |
| 650 | 4 | |a Islam | |
| 650 | 4 | |a Recht | |
| 650 | 4 | |a Geschichte | |
| 689 | 0 | 0 | |d s |0 (DE-588)1151921939 |0 (DE-627)101270016X |0 (DE-576)498151891 |2 gnd |a Islamisches Recht |
| 689 | 0 | 1 | |q z |2 gnd |a Geschichte |
| 689 | 0 | |5 (DE-627) | |
| 856 | 4 | 2 | |u https://swbplus.bsz-bw.de/bsz109140818inh.htm |m B:DE-576;DE-B212 |q application/pdf |v 20150211093030 |x Verlag |3 Inhaltsverzeichnis |7 1 |
| 856 | 4 | 2 | |u http://bvbr.bib-bvb.de:8991/F?func=service&doc_library=BVB01&doc_number=010698780&line_number=0002&func_code=DB_RECORDS&service_type=MEDIA |m V:DE-604 |q application/pdf |3 Klappentext |7 1 |
| 935 | |a mteo | ||
| 935 | |i Blocktest | ||
| 936 | r | v | |a PW 9400 |b Naher und Mittlerer Osten einschließlich Osmanisches Reich/Türkei, Iran, Afghanistan; hier auch Islamisches Recht |k Rechtswissenschaft |k Deutsche und ausländische Rechtsgeschichte |k Aussereuropäische Rechtsgeschichte |k Naher und Mittlerer Osten einschließlich Osmanisches Reich/Türkei, Iran, Afghanistan; hier auch Islamisches Recht |0 (DE-627)1270708198 |0 (DE-625)rvk/141003: |0 (DE-576)200708198 |
| 936 | r | v | |a NT 2195 |b Arabische Staaten, Türkei |k Geschichte |k Allgemeine Rechts-, Verfassungs- und Verwaltungsgeschichte |k Quellen zur Rechts-, Verfassungs- und Verwaltungsgeschichte |k Quellen zur Rechtsgeschichte auswärtiger Staaten und Völker |k Außereuropäische Staaten und Völker |k Arabische Staaten, Türkei |0 (DE-627)1271538369 |0 (DE-625)rvk/131035: |0 (DE-576)201538369 |
| 936 | b | k | |a 11.84 |j Islam: Sonstiges |0 (DE-627)106404075 |
| 936 | b | k | |a 86.09 |j Rechtsgeschichte |0 (DE-627)106413481 |
| 936 | b | k | |a 86.10 |j Recht einzelner Länder, Gebiete und Völker |0 (DE-627)106422499 |
| 936 | f | i | |0 (DE-627)1756133522 |a RG00.12 |b Islamische Welt |k Naher und Mittlerer Osten und Nordafrika |k Geographische Räume (länderübergreifend) und Organisationen des Nahen und Mittleren Ostens/Nordafrikas |k Islamische Welt |2 fivr |
| 936 | f | i | |0 (DE-627)1756135886 |a SF10 |b Recht |k Staat |k Recht |2 fivs |
| 936 | f | i | |0 (DE-627)1756136092 |a SG09 |b Religion/Religionsgemeinschaften |k Gesellschaft |k Religion/Religionsgemeinschaften |2 fivs |
| 938 | 1 | 0 | |0 (DE-627)1756206856 |0 (DE-615)6610147 |a Islamische Länder/Islamische Welt |2 fivt |
| 938 | 1 | 0 | |0 (DE-627)1756225982 |0 (DE-615)6605313 |a Islamisches Recht |2 fivt |
| 938 | 1 | 0 | |0 (DE-627)1756139822 |0 (DE-615)6604263 |a Rechtsgeschichte |2 fivt |
| 938 | 1 | 0 | |0 (DE-627)1756196095 |0 (DE-615)6603863 |a Rechtstheorie |2 fivt |
| 938 | 1 | 0 | |0 (DE-627)1756169551 |0 (DE-615)6605656 |a Islam |2 fivt |
| 938 | 1 | 0 | |0 (DE-627)1756207925 |0 (DE-615)6606095 |a Historisches Quellenmaterial |2 fivt |
| 938 | 1 | 0 | |0 (DE-627)1756157464 |0 (DE-615)6604872 |a Gesetzgebung |2 fivt |
| 938 | 1 | 0 | |0 (DE-627)1756225125 |0 (DE-615)6606926 |a Justiz/Judikative Gewalt |2 fivt |
| 938 | 1 | 0 | |0 (DE-627)1756228205 |0 (DE-615)6606033 |a Nationales Recht |2 fivt |
| 938 | 1 | 0 | |0 (DE-627)1756190704 |0 (DE-615)6607505 |a Geschichtlicher Überblick |2 fivt |
| 938 | 1 | 0 | |0 (DE-627)1756157731 |0 (DE-615)6605011 |a Neuzeit |2 fivt |
| 938 | 1 | 1 | |0 (DE-627)1756196478 |0 (DE-615)6601344 |a Begriffsdefinition/Begriffsverständnis |2 fiva |
| 938 | 1 | 1 | |0 (DE-627)175620392X |0 (DE-615)6600911 |a Koran |2 fiva |
| 938 | 1 | 1 | |0 (DE-627)1756176086 |0 (DE-615)6608095 |a Sunna |2 fiva |
| 938 | 1 | 1 | |0 (DE-627)1015344488 |0 (DE-588)1153832267 |a Ḥadīṯ |2 gnd |2 fiva |
| 938 | 1 | 1 | |0 (DE-627)1756226253 |0 (DE-615)6607191 |a Rechtsnormen |2 fiva |
| 938 | 1 | 1 | |0 (DE-627)175622711X |0 (DE-615)6607757 |a Islamische Rechtsschule |2 fiva |
| 938 | 1 | 1 | |0 (DE-627)1756180113 |0 (DE-615)6610044 |a Sunniten |2 fiva |
| 938 | 1 | 1 | |0 (DE-627)1756179077 |0 (DE-615)6609781 |a Schiiten |2 fiva |
| 938 | 1 | 1 | |0 (DE-627)104482826 |0 (DE-588)4154247-2 |a Fetwa |2 gnd |2 fiva |
| 938 | 1 | 1 | |0 (DE-627)175617802X |0 (DE-615)6608177 |a Richter |2 fiva |
| 938 | 1 | 1 | |0 (DE-627)1756176582 |0 (DE-615)6608614 |a Gericht |2 fiva |
| 938 | 1 | 1 | |0 (DE-627)1756225400 |0 (DE-615)6607163 |a Rechtsprechung |2 fiva |
| 938 | 1 | 1 | |0 (DE-627)10471350X |0 (DE-588)4075720-1 |a Osmanisches Reich |2 gnd |2 fiva |
| 938 | 1 | 1 | |0 (DE-627)1756162085 |0 (DE-615)6602334 |a Verhältnis Recht - Politik |2 fiva |
| 938 | 1 | 1 | |0 (DE-627)1756172617 |0 (DE-615)6607813 |a Islamisierung |2 fiva |
| 938 | 1 | 1 | |0 (DE-627)175622854X |0 (DE-615)6606715 |a Strafrecht |2 fiva |
| 938 | 1 | 1 | |0 (DE-627)1756228981 |0 (DE-615)6608545 |a Familienrecht |2 fiva |
| 951 | |a BO | ||
| CAN | |a 1 | ||
| ELC | |b 1 | ||
| ITA | |a 1 | ||
| LOK | |0 000 xxxxxcx a22 zn 4500 | ||
| LOK | |0 001 314185890X | ||
| LOK | |0 003 DE-627 | ||
| LOK | |0 004 37468636X | ||
| LOK | |0 005 20210910131126 | ||
| LOK | |0 008 120711||||||||||||||||ger||||||| | ||
| LOK | |0 040 |a DE-21-42 |c DE-627 |d DE-21-42 | ||
| LOK | |0 541 |e 11 K 13 | ||
| LOK | |0 852 |a DE-21-42 | ||
| LOK | |0 852 1 |c Yr 333 |m p |9 00 | ||
| LOK | |0 935 |a i042 |a k042 |a orie |a v042 | ||
| LOK | |0 938 |k p | ||
| LOK | |0 939 |a 11-07-12 |b l01 | ||
| LOK | |0 000 xxxxxcx a22 zn 4500 | ||
| LOK | |0 001 4426313481 | ||
| LOK | |0 003 DE-627 | ||
| LOK | |0 004 37468636X | ||
| LOK | |0 005 20231219173609 | ||
| LOK | |0 008 231205||||||||||||||||ger||||||| | ||
| LOK | |0 040 |a DE-Tue135 |c DE-627 |d DE-Tue135 | ||
| LOK | |0 092 |o n | ||
| LOK | |0 852 |a DE-Tue135 | ||
| LOK | |0 852 1 |9 00 | ||
| LOK | |0 935 |a fivi | ||
| LOK | |0 939 |a 05-12-23 |b l01 | ||
| ORI | |a SA-MARC-ixtheoa001.raw | ||
| REF | |a Rechtsgeschichte | ||
| REL | |a 1 | ||
| STA | 0 | 0 | |a History,History,History in art,Islam,Islam,Islamic law,Law,Law,Right,Law,Jurisprudence,Law in literature |
| STB | 0 | 0 | |a Droit islamique,Droit,Droit,Histoire,Histoire,Histoire,Islam,Islam |
| STC | 0 | 0 | |a Derecho musulmán,Derecho,Derecho,Historia,Historia,Historia,Islam,Islam |
| STD | 0 | 0 | |a Diritto,Diritto,Islam,Islam,Shari'a,Diritto islamico,Storia,Storia |
| STE | 0 | 0 | |a 伊斯兰教,伊斯兰教,回教,回教,历史,史,法律,法律,法制,法制 |
| STF | 0 | 0 | |a 伊斯蘭教,伊斯蘭教,回教,回教,伊斯蘭教法,歷史,史,法律,法律,法制,法制 |
| STG | 0 | 0 | |a Direito,Direito,História,História,Islã,Islã,Xaria |
| STH | 0 | 0 | |a Ислам (мотив),Ислам,История (мотив),История,Право (мотив),Право,Шариат |
| STI | 0 | 0 | |a Δίκαιο (μοτίβο),Δίκαιο,Ισλάμ (μοτίβο),Ισλάμ,Ιστορία (μοτίβο),Ιστορία,Σαρία |
| SUB | |a CAN |a REL | ||
| SYE | 0 | 0 | |a Islam , Islam , History,Geschichtliche Epoche,Historical development,Historische Entwicklung,Landesgeschichte,Regionalgeschichte,Ortsgeschichte,Zeitgeschichte |
| SYG | 0 | 0 | |a Islam,Sharia,Scharia,Šarīʿa,Scheriʿa,Scheriat , History,Geschichtliche Epoche,Historical development,Historische Entwicklung,Landesgeschichte,Regionalgeschichte,Ortsgeschichte,Zeitgeschichte |